Dbu ma rgyan gyi tshig leʼur byas pa bźugs so / (Record no. 89361)

MARC details
000 -LEADER
fixed length control field 00938cam a22003011a 4500
001 - CONTROL NUMBER
control field sa 68020328
003 - CONTROL NUMBER IDENTIFIER
control field DLC
005 - DATE AND TIME OF LATEST TRANSACTION
control field 20260227112723.0
008 - FIXED-LENGTH DATA ELEMENTS--GENERAL INFORMATION
fixed length control field 850205s1961 ii a 000 0 tibo
010 ## - LIBRARY OF CONGRESS CONTROL NUMBER
LC control number sa 68020328
020 ## - INTERNATIONAL STANDARD BOOK NUMBER
Terms of availability Re0.80
025 ## - OVERSEAS ACQUISITION NUMBER
Overseas acquisition number PL480:I-Tib-79
035 ## - SYSTEM CONTROL NUMBER
System control number (OCoLC)11660147
040 ## - CATALOGING SOURCE
Original cataloging agency DLC
Transcribing agency InU
Modifying agency DLC
041 1# - LANGUAGE CODE
Language code of text/sound track or separate title tib
Language code of original san
042 ## - AUTHENTICATION CODE
Authentication code premarc
043 ## - GEOGRAPHIC AREA CODE
Geographic area code a-cc-ti
050 00 - LIBRARY OF CONGRESS CALL NUMBER
Classification number BQ3183
Item number .T5 1961
100 0# - MAIN ENTRY--PERSONAL NAME
Personal name Śāntarakṣita,
Dates associated with a name 705-762.
240 10 - UNIFORM TITLE
Uniform title Madhyamakālaṅkāra.
Language of a work Tibetan
245 10 - TITLE STATEMENT
Title Dbu ma rgyan gyi tshig leʼur byas pa bźugs so /
Statement of responsibility, etc. [Slob-dpon Źi-ba-ʼtsho ... mdzad]
260 ## - PUBLICATION, DISTRIBUTION, ETC.
Place of publication, distribution, etc. [Ka-sbug :
Name of publisher, distributor, etc. Phun-gliṅ-gsuṅ-rab-ñams-gso-rgyun-spel-par-khaṅ,
Date of publication, distribution, etc. 1961]
300 ## - PHYSICAL DESCRIPTION
Extent 8 [i.e. 16] p. :
Other physical details ill. ;
Dimensions 9 x 37 cm.
500 ## - GENERAL NOTE
General note In Tibetan.
500 ## - GENERAL NOTE
General note Printed from blocks kept at Ka-sbug.
650 #0 - SUBJECT ADDED ENTRY--TOPICAL TERM
Topical term or geographic name entry element Madhyamaka-Yogācāra Buddhism.
650 #0 - SUBJECT ADDED ENTRY--TOPICAL TERM
Topical term or geographic name entry element Tibetan language
General subdivision Texts.

No items available.

Powered by Koha